| 000 | 01203nam a22002897a 4500 | ||
|---|---|---|---|
| 008 | 161104b xxu||||| |||| 00| 0 eng d | ||
| 020 | _a9789710143917 | ||
| 082 |
_22016 _aDFil 499.2118 _bP14 |
||
| 245 |
_aPagbasa at pagsusuri ng iba't ibang teksto tungo sa pananaliksik/ _cNiña Lilia R. Javier [and 8 others]; Daisy T. Inalves and Jessica Marie I. Dela Peña, editors. |
||
| 260 |
_aPhilippines: _bSt. Andrew Publishing House, _cc2016. |
||
| 300 |
_av, 200 pages: _billustrations; _c25 cm. |
||
| 500 | _aIncludes bibliographical references. | ||
| 650 | 0 |
_916899 _aReading(Filipino) |
|
| 700 |
_916900 _aJavier, Niña Lilia R. _eAuthor |
||
| 700 |
_916901 _aDafrosa, Carmina H. _eAuthor |
||
| 700 |
_916902 _aQuijano, Ma. Lourdes R. _eAuthor |
||
| 700 |
_916903 _aCanlas, Jocelyn D.R. _eAuthor |
||
| 700 |
_916904 _aEdma, Mercy M. _eAuthor |
||
| 700 |
_916905 _aAbraham, Simeona S. _eAuthor |
||
| 700 |
_916906 _aNada, Michael Anthony G. _eAuthor |
||
| 700 |
_916907 _aVillafane, Raymond S. _eAuthor |
||
| 700 |
_916908 _aNavarro, Chona M. _eAuthor |
||
| 700 |
_916909 _aInalvez, Daisy T. _eEditor |
||
| 700 |
_916910 _aDela Peña, Jessica Marie I. _eEditor |
||
| 365 |
_b595.00 _cPhp |
||
| 942 |
_2ddc _cDFIL |
||
| 999 |
_c5487 _d5487 |
||